Bytča - zámok

Bibliographic Details
Format: Postcard
Language:Slovak
PhysicalDescription:1 pohľadnica čiernobiela 9 x 14 cm
Published: Martin Bratislava Osveta PK - HSVZ 1956
Subjects:

MARC

LEADER 00000ckm a2200000 a 4500
001 vtls001421447
003 SK-MaSNL
005 20260512123832.0
007 kp bo
008 231214s1956 xo g 0kuslo
015 |a SNBG 
035 |a SNK000376299 
035 |a urn:nbn:sk:snk-km007bvv 
035 |a 5C109D20-D31E-4851-A701-B05E245F9AE9 
035 |a urn:nbn:sk:snk-kmtg7g 
040 |a SNK  |b slo  |c SNK  |e AACR2 
041 0 |a slo 
043 |a e-xo--- 
044 |a xo  |c SK 
080 |a 728.82  |2 2001 
080 |a 908(437.6)  |2 2001 
080 |a (084.121)  |2 2001 
080 |a (437.642)  |2 2008 
245 0 0 |a Bytča - zámok  |h grafika 
260 |a Martin  |b Osveta  |a Bratislava  |b PK - HSVZ  |c 1956 
300 |a 1 pohľadnica  |b čiernobiela  |c 9 x 14 cm 
650 0 7 |a zámky  |2 SNKPH  |9 3041 
651 7 |a Bytča (Slovensko)  |2 SNKPH  |9 16707 
651 7 |a Slovensko  |2 SNKPH  |9 14231 
655 7 |a miestne pohľadnice  |2 SNKPH  |9 70510 
852 |a Slovenská národná knižnica 
958 |a GC 
958 |a GBN 
958 |a OND 
999 |c 813064  |d 814994 
952 |t P60, <03>, [BOOK], {603}  |a SNK  |b SNK  |y PREZ  |7 0  |p 17A0317145  |o snkSP 2654  |0 0  |1 0  |4 0  |d 2001-09-27  |f 1  |l 0  |r 2005-01-02 00:00:00  |w 2026-02-24